书目信息 |
| 题名: |
近代中国的百科辞书
|
|
| 作者: | 陈平原 , 米列娜 主编 | |
| 分册: | ||
| 出版信息: | 北京 北京大学出版社 2007.09 |
|
| 页数: | 213页 | |
| 开本: | 22cm | |
| 丛书名: | 学术史丛书 | |
| 单 册: | ||
| 中图分类: | Z226 | |
| 科图分类: | ||
| 主题词: | 百科全书--bai ke quan shu--图书史--中国--近代 | |
| 电子资源: | ||
| ISBN: | 978-7-301-12743-8 | |
| 000 | 00993nam 2200277 450 | |
| 001 | 012008279385 | |
| 005 | 20080424171938.59 | |
| 010 | @a978-7-301-12743-8@dCNY24.00 | |
| 100 | @a20080424d2007 em y0chiy0120 ea | |
| 101 | 0 | @achi |
| 102 | @aCN@b110000 | |
| 105 | @ay z 000yy | |
| 106 | @ar | |
| 200 | 1 | @a近代中国的百科辞书@Ajin dai zhong guo de bai ke ci shu@f陈平原, 米列娜主编@Fchen ping yuan,mi lie na zhu bian |
| 210 | @a北京@c北京大学出版社@d2007.09 | |
| 215 | @a213页@d22cm | |
| 225 | 2 | @a学术史丛书@Axue shu shi cong shu |
| 300 | @a本丛书为“十五”国家重点图书出版规划项目 | |
| 330 | @a本书内容包括:从“尚友录”到“名人传略”,晚清新政与西学百科全书,清末百科辞书条目特色研究,未完成的中西文化之桥等。 | |
| 410 | 0 | @12001 @a学术史丛书 |
| 606 | 0 | @a百科全书@Abai ke quan shu@x图书史@y中国@z近代 |
| 690 | @aZ226@v4 | |
| 701 | 0 | @a陈平原@Achen ping yuan@4主编 |
| 701 | 0 | @a米列娜@Ami lie na@4主编 |
| 801 | 0 | @aCN@bQSSK@c20080424 |
| 905 | @b297573-74@dZ226@eC528@f2 | |
| 近代中国的百科辞书/陈平原, 米列娜主编.-北京:北京大学出版社,2007.09 |
| 213页;22cm.-(学术史丛书) |
| 本丛书为“十五”国家重点图书出版规划项目 |
| ISBN 978-7-301-12743-8:CNY24.00 |
| 本书内容包括:从“尚友录”到“名人传略”,晚清新政与西学百科全书,清末百科辞书条目特色研究,未完成的中西文化之桥等。 |
| ● |
| 相关链接 |
|
|
|
正题名:近代中国的百科辞书
索取号:Z226/C528
 
预约/预借
| 序号 | 登录号 | 条形码 | 馆藏地/架位号 | 状态 | 备注 |
| 1 | 297573 | 202975735 | 自科库501/501自科库 125排1列3层/ [索取号:Z226/C528] | 在馆 | |
| 2 | 297574 | 202975744 | 自科库501/501自科库 125排1列3层/ [索取号:Z226/C528] | 在馆 |